Financial Education and Risk Literacy Behavioral Financial Regulation and Policy

Saved in:
Bibliographic Details
Format: Book
Language:English
Published: Cheltenham Edward Elgar Publishing Limited 2021
Subjects:
Tags: Add Tag
No Tags, Be the first to tag this record!

MARC

LEADER 00000nam a2200000 4500
001 0278657
005 20230404134819.1
020 |a 978-1-78990-884-8 
041 0 |a eng 
044 |a GB 
245 1 0 |a Financial Education and Risk Literacy  |b Behavioral Financial Regulation and Policy  |c edited by: Riccardo Viale, Umberto Filotto, Barbara Alemanni, Shabnam Mousavi 
264 1 |a Cheltenham  |b Edward Elgar Publishing Limited  |c 2021 
300 |a 310 s. 
610 2 0 |a vzdelávanie 
610 2 0 |a financie 
610 2 0 |a gramotnosť finančná 
610 2 0 |a riziko 
610 2 0 |a ekonómia behaviorálna 
610 2 0 |a rozhodovanie finančné 
610 2 0 |a banky 
610 2 0 |a vláda 
610 2 0 |a technológie informačné 
610 2 0 |a inovácie technologické